Faculty of Law Library — Cairo University

Official Online Catalog

Les Codes et les Lois Spéciales les plus usuelles en vigueur en Belgique / (Record no. 75970)

MARC details
000 -LEADER
fixed length control field 01148nam a22003257i 4500
003 - CONTROL NUMBER IDENTIFIER
control field EG-GICUC
005 - DATE AND TIME OF LATEST TRANSACTION
control field 20260506095240.0
008 - FIXED-LENGTH DATA ELEMENTS--GENERAL INFORMATION
fixed length control field 260506s1969 fr ||||fr|||| 001 0 fre d
040 ## - CATALOGING SOURCE
Original cataloging agency EG-GiCUC
Transcribing agency EG-GiCUC
Modifying agency EG-GiCUC
Description conventions Rda
Language of cataloging fre
041 ## - LANGUAGE CODE
Language code of text/sound track or separate title fre
082 04 - DEWEY DECIMAL CLASSIFICATION NUMBER
Edition number 21
Classification number 345.020493
Item number SE . C
092 04 - LOCALLY ASSIGNED DEWEY CALL NUMBER (OCLC)
Edition number 21
099 ## - LOCAL FREE-TEXT CALL NUMBER (OCLC)
Classification number Law1 07 345.020493 SE . C 1969
100 1# - MAIN ENTRY--PERSONAL NAME
Personal name Servais, Jean
Relator term Auteur
245 14 - TITLE STATEMENT
Title Les Codes et les Lois Spéciales les plus usuelles en vigueur en Belgique /
Statement of responsibility, etc. Jean Servais, E. Mechelynck.
Number of part/section of a work Tome Troisième
Name of part/section of a work Matières administratives et de droit public
250 ## - EDITION STATEMENT
Edition statement Trente-Deuxième Édition
264 ## - PRODUCTION, PUBLICATION, DISTRIBUTION, MANUFACTURE, AND COPYRIGHT NOTICE
Place of production, publication, distribution, manufacture Bruxelles:
Name of producer, publisher, distributor, manufacturer Établissements Émile Bruylant,
Date of production, publication, distribution, manufacture, or copyright notice 1969.
300 ## - PHYSICAL DESCRIPTION
Extent page ; 299
Dimensions 24 cm.
336 ## - CONTENT TYPE
Source rda contenu
Content type term texte
337 ## - MEDIA TYPE
Source rda medias
Media type term Ordinateur
338 ## - CARRIER TYPE
Source transporteur rda
Carrier type term Ressource en ligne
546 ## - LANGUAGE NOTE
Language note Texte en français
650 1# - SUBJECT ADDED ENTRY--TOPICAL TERM
Source of heading or term Droit administratif
650 1# - SUBJECT ADDED ENTRY--TOPICAL TERM
Source of heading or term Les Codes et les Lois Spéciales
651 1# - SUBJECT ADDED ENTRY--GEOGRAPHIC NAME
Source of heading or term qrmak
700 1# - ADDED ENTRY--PERSONAL NAME
Personal name Mechelynck, E.
Relator term Annotateur
856 40 - ELECTRONIC LOCATION AND ACCESS
Uniform Resource Identifier <a href="https://fll.law.cu.edu.eg/fulltext/bks/B07-05615.pdf">https://fll.law.cu.edu.eg/fulltext/bks/B07-05615.pdf</a>
905 ## - Cataloger and Reviser Names
Cataloger Name: Esraa Hossam
942 ## - ADDED ENTRY ELEMENTS (KOHA)
Source of classification or shelving scheme Dewey Decimal Classification
Koha item type Books
Edition 21
Suppress in OPAC No
Holdings
Withdrawn status Lost status Source of classification or shelving scheme Materials specified (bound volume or other part) Damaged status Not for loan Collection Home library Current library Date acquired Total checkouts Full call number Barcode Date last seen Copy number Price effective from Koha item type
    Dewey Decimal Classification V3   Not for loan القانون الإداري جــــامعة القــاهرة مكتبة كلية الحقوق - المبنى الرئيسي 06.05.2026   Law1 07 345.020493 SE . C 32ed-1969 0705615 C1 B07-05615 06.05.2026 1 06.05.2026 Books

© All rights reserved — Faculty of Law, Cairo University